00773nam a2200229 a 4500008004100000040001200041041000800053044000700061082002500068100003500093245005900128260004700187300003600234490004100270502008800311610002200399650003400421650001200455655004000467700002900507852000700536200311s2018 ii ad||g m|||a00| 0 eng d aKObeng0 aeng aii04223a378.242bIRM17151 aNair, kirankumar SeResearcher30aAn Organizational Study in Mumbai Port Trust, Mumbai / aKochi :bIndian Maritime University,c2018 a68 p. :bill., charts ;c29 cm.0 aMBA Internship 2017-19 ;v1705305015 aInternship (MBA)–Indian Maritime University. School of Maritime Management, 2019.20aMumbai Port Trust 0aPort au Port Peninsula (N.L.) 0aHarbors 72lcshaDissertations, Academicy20181 aP. A., JayancDr.eGuide aKO